Enciclopédia galáctica /
Guardado en:
| Autor Principal: | |
|---|---|
| Formato: | |
| Series: | Cosmos. Edición especial
|
| Materias: | |
| Etiquetas: |
Agregar Etiqueta
Sin Etiquetas, Sea el primero en etiquetar este registro!
|
| LEADER | 01069ngm a22003015g 4500 | ||
|---|---|---|---|
| 001 | CEM.cems021756 | ||
| 008 | 130507b1995##################0###0#####d | ||
| 005 | 20240910092436.0 | ||
| 245 | 1 | 0 | |a Enciclopédia galáctica / |c Carl Sagan. |
| 300 | |a 27 | ||
| 490 | 0 | |a Cosmos. Edición especial | |
| 500 | |a En soporte VHS, consultar en ventanilla. | ||
| 505 | 0 | |a Mapas estelares. Posibilidad de vida extraterrestre. Fourier y Champollion. Los jeroglíficos. Observatorio de Arecibo. Señales intergalácticas. Civilizaciones. Especulaciones matemáticas. | |
| 538 | |a Soporte: VHS - Norma: Pal N - Color - Grabación DRD 1995 - Hitachi=5080 | ||
| 100 | 1 | |a Sagan, Carl. | |
| 082 | 5 | 2 | |/ SAG-2 |
| 653 | |a ASTRONOMIA | ||
| 653 | |a COSMOS | ||
| 653 | |a VIDA EXTRATERRESTRE | ||
| 653 | |a GALAXIAS | ||
| 653 | |a MAPAS ESTELARES | ||
| 653 | |a FOURIER | ||
| 653 | |a CHAMPOLLION | ||
| 653 | |a JEROGLIFICOS | ||
| 653 | |a EXTRATERRESTRE | ||
| 653 | |a CIVILIZACIONES | ||
| 653 | |a NIVEL SECUNDARIO | ||
| 859 | |a CEMS |b BIB. CEMS - Depto. Recursos Didacticos |h 520 |i SAG-2 |k DRD |p 0399.12 |t Ej.1 | ||
